00555cam a22001695a 4500020001500000020001800015040000800033082001700041245004400058260009500102300004500197500003100242650002000273700001600293710004900309710002700358 a9747946858 a9789747946857 cDLC04a583 FAO 200700aMangrove guidebook for Southeast Asia / a[Bangkok?] :bFAO Regional Office for Asia and the Pacific, Wetlands International,c2007 axii, 769 p. :bill. (some col.) ;c26 cm a"RAP publication 2006/07." 0aMangrove plants1 aGiesen, Wim2 aFAO Regional Office for Asia and the Pacific2 aWetlands International